Regionálne disparity rastu miery zamestnanosti v SR

Vývoj rastu reálneho HDP a miery zamestnanosti v SR. Silný ekonomický rast nebol regionálne rovnaký. Alokácia automobilového priemyslu v SR. Disparitný rast produkcie a zamestnanosti medzi západom a východom krajiny. Upadajúci sektor poľnohospodárstva problém nízkej zamestnanosti zhoršuje.

Na minha lista:
Detalhes bibliográficos
Autor principal: Hudcovský, Martin, 1988-
Formato: Capítulo de Livro
Idioma:eslovaco
Assuntos:
Tags: Adicionar Tag
Sem tags, seja o primeiro a adicionar uma tag!

MARC

LEADER 00000nla a2200000 4500
001 0170072
005 20240502072938.4
041 0 |a slo 
044 |a SK 
245 1 0 |a Regionálne disparity rastu miery zamestnanosti v SR  |c Martin Hudcovský 
520 |a Vývoj rastu reálneho HDP a miery zamestnanosti v SR. Silný ekonomický rast nebol regionálne rovnaký. Alokácia automobilového priemyslu v SR. Disparitný rast produkcie a zamestnanosti medzi západom a východom krajiny. Upadajúci sektor poľnohospodárstva problém nízkej zamestnanosti zhoršuje. 
610 2 0 |a miera nezamestnanosti 
610 2 0 |a disparita 
610 2 0 |a regióny 
610 2 0 |a rozvoj regionálny 
610 2 0 |a Slovensko 
100 1 |a Hudcovský, Martin, 1988-